000 00298nam a22001337a 4500
008 171031b xxu||||| |||| 00| 0 eng d
020 _a9780324259919
041 _aeng
080 _27TH
_a33
100 _a59
101 _aBUS
245 _aINTERNATIONAL BUSINESS
_cCZINKOTA,M,R
942 _2udc
_cBK
999 _c36832
_d36832